Slobodné povolania v SR bakalárska práca

Enregistré dans:
Détails bibliographiques
Auteur principal: Juranová, Veronika
Collectivité auteur: Fakulta podnikového manažmentu EU. Katedra podnikovohospodárska
Autres auteurs: Dubcová, Gabriela, 1968-
Format: Livre
Langue:slovaque
Publié: Bratislava 2009
Tags: Ajouter un tag
Pas de tags, Soyez le premier à ajouter un tag!

MARC

LEADER 00000nam$a2200000$$$4500
001 0101948
005 20240319130314.8
041 0 |a slo 
044 |a SK 
245 1 0 |a Slobodné povolania v SR  |b bakalárska práca  |c Veronika Juranová ; škol. Gabriela Dubcová 
264 1 |a Bratislava  |c 2009 
300 |a 58 s. 
100 1 |a Juranová, Veronika 
700 1 |a Dubcová, Gabriela, 1968- 
710 2 |a Fakulta podnikového manažmentu EU. Katedra podnikovohospodárska